000 02008nam0a2200289 4500
001 RU\NLR\BIBL_A\022273475
005 20260406081728.0
035 _a(NLR Aleph) 022273475
090 _a12363112
_c12363112
100 _a20081111d1907 |||y0rusy50 ca
101 1 _arus
_cund
102 _aRU
105 _ay z |||||
200 1 _aПодражание псалмам
_fС. П.
210 _a[Москва]
_cТипо-Литография И. Ефимова
_dценз. 1907
215 _a4 с.
_d22
225 1 _aБлагословение Обители Св. Пантелеимона
_v№ 376
300 _aАвт. указан в конце текста
300 _aКрипт. раскрыт по изд.: Хронологический список сочинений, изданий и переводов С. И. Пономарева / Пономарев С. И. Спб., 1913, с. 43
309 _aБез тит. л. и обл.
316 _aЭкз. РНБ входит в конволют. Приплетено к.: О духовном значении и силе священническаго благословения : (из слов Высокопреосвященнейшаго Сергия, Архиепископа Херсонскаго и Одесскаго) . Москва : Типо-Литография И. Ефимова , ценз. 1893
_5NLR
482 0 _1001v19\rc\1263649
_95229905
_cМосква
_dценз. 1893
_nТипо-Литография И. Ефимова
_o(из слов Высокопреосвященнейшаго Сергия, Архиепископа Херсонскаго и Одесскаго)
_p4 с.
_tО духовном значении и силе священническаго благословения
700 1 _7ca
_8rus
_aПономарев
_bС. И.
_cписатель
_f1828-1913
_gСтепан Иванович
_929325
_3RU\NLR\AUTH\7746390
852 _aNLR
_j18.257.1.77(285)
942 _cBOOK
980 _aNB